Plus grandes villes d'Allemagne à 50 kilomètres à la ronde - Statistiques

Statistiques générales
  • Ce quiz a été pris 593 fois
  • Le résultat moyen est 18 sur 56
Réponses sur la Carte
Les réponses sont colorées sur une échelle allant du rouge au vert en fonction du pourcentage des utilisateurs qui les ont devinées à leur premier essai. Vous pouvez retrouver ces pourcentages ci-dessous.
 
Statistiques - réponses
Population Ville % Correct
3 520 031 Berlin
99%
1 450 381 Munich
94%
1 787 408 Hambourg
88%
732 688 Francfort-sur-le-Main
83%
58 092 Francfort-sur-l'Oder
83%
1 060 582 Cologne
79%
612 178 Dortmund
73%
623 738 Stuttgart
73%
586 181 Leipzig
70%
557 464 Brême
65%
543 825 Dresde
62%
509 975 Nuremberg
60%
532 163 Hanovre
58%
226 393 Fribourg-en-Brisgau
54%
245 885 Aix-la-Chapelle
51%
178 151 Sarrebruck
49%
246 306 Kiel
48%
305 780 Mannheim
42%
307 755 Karlsruhe
35%
206 011 Rostock
35%
286 374 Augsbourg
34%
82 859 Constance
31%
122 636 Ulm
29%
333 090 Bielefeld
27%
216 253 Lübeck
27%
235 723 Magdebourg
25%
114 914 Trèves
24%
310 039 Münster
23%
210 118 Erfurt
21%
112 586 Coblence
18%
145 465 Ratisbonne
18%
114 025 Bremerhaven
16%
197 984 Cassel
16%
248 645 Chemnitz
16%
132 438 Ingolstadt
16%
84 694 Flensbourg
14%
58 465 Offenbourg
14%
251 364 Brunswick
13%
50 566 Passau
13%
92 138 Schwerin
13%
124 873 Wurtzbourg
13%
99 491 Cottbus
11%
26 821 Garmisch-Partenkirchen
10%
60 889 Rosenheim
8%
102 355 Siegen
7%
58 041 Stralsund
7%
67 253 Fulda
6%
55 255 Görlitz
6%
50 694 Emden
5%
83 628 Giessen
5%
65 624 Kempten (Allgäu)
5%
67 509 Landshut
5%
63 602 Neubrandebourg
4%
42 217 Nordhausen
2%
40 269 Stendal
2%
41 817 Weiden in der Oberpfalz
2%
Aucun quiz correspondant
Distribution des résultats
% des personnes avec chaque résultat
Percentile par nombre de réponses
Votre historique - résultats
Vous n’avez pas pris ce quiz